| 000 | 00578nam a22002297a 4500 | ||
|---|---|---|---|
| 999 |
_c10416 _d10416 |
||
| 001 | 10416 | ||
| 003 | OSt | ||
| 005 | 20181118134016.0 | ||
| 008 | 180425b1972 ii ||||| |||| 00| 0 eng d | ||
| 035 | _a(BD-JhCC)10416 | ||
| 040 |
_aBD-JhCC _dBD-JhCC |
||
| 041 | _aeng | ||
| 082 |
_a540.72 _bPAN 1972 |
||
| 100 | _aPandey, Dr. O. P. | ||
| 245 |
_aPractical Chemistry / _cDr. O. P. Pandey, D. N. Bajpai and Dr. S. Giri |
||
| 300 |
_a280 p. : _c24 cm. |
||
| 650 | _aChemistry | ||
| 700 | _aBajpai, D. N. | ||
| 700 | _aGiri, Dr. S. | ||
| 942 |
_2ddc _cBK _01 |
||